000 02269cam a22004334i 4500
003 PE-LiUPU
005 20250731173138.0
008 150623s1977 nju r 000 0 eng d
035 _a(Sirsi) a27096
040 _aPE-LiUPU
_bspa
_cPE-LiUPU
_erda
082 0 4 _a241.040 4
_bV28
_221
100 1 _aVan Til, Cornelius,
_d1895 -,
_eautor.
245 1 0 _aChristian theistic ethics /
_cCornelius Van Til.
264 1 _aNutley, New Jersey :
_bPresbyterian and reformed publishing Co.,
_c1977.
300 _a251 páginas ;
_c23 centímetros
336 _atext
_2rdacontent
337 _aunmediated
_2rdamedia
338 _avolume
_2rdacarrier
505 0 _aChristian ethical principles: The material of christian ethics -- The scope of christian ethics -- The epistemological presuppositions of christian ethics -- The metaphysical presuppositions of christian ethics -- The summum bonum ideally considered: the individual -- The summum bonum ideally considered: society -- The non-christian summum bonum -- The biblical summum bonum in general -- The Old Testament summum bonum -- The New Testament summum bonum -- The standard of man in paradise -- The redemptive standard: Old Testament -- Faith as the motivating power in christian ethics -- Non-christian ethical principles: Greek ethical theory: socrates -- Werner jaeger's concept of Greek culture -- Greek ethical theory: Plato -- Modern ethical theory: Socrates to Kant -- Modern ethical theory: Kant.
526 _aSEG42
526 _aSEG41
526 _aSEG40
526 _aSEG39
526 _aP94
526 _aP87
526 _aP86
526 _aP85
526 _aP77
526 _aP76
526 _aP35
650 0 4 _aEtica cristiana
_xTradición protestante.
650 0 4 _aApologética.
_92321
650 0 4 _aReforma de la iglesia
_xDoctrinas y controversias.
942 _2ddc
_cBOOK
949 _a241.040 4 V28
_wDEWEY
_c1
_i52374
_lCCODEBUL1
_mBUL
_p4.00
_r0
_sY
_tBOOK
_u2015-06-24
_xTEOLOGIA
_PP35
_0COMPRA
_o.STAFF. Colección Teología
596 _a1
999 _a241.040 4 V28
_wDEWEY
_c34199
_i52374
_f2021-11-10
_g5
_lCCODEBUL1
_mBUL
_p4.00
_r0
_sY
_tBOOK
_u2015-6-24
_xTEOLOGIA
_PP35
_0COMPRA
_o.STAFF. Colección Teología
_d34199
980 _81
_gALBERTO SANCHEZ Responsable de Automatización